000 00380 a2200169 4500
001 70077
020 _a8571061068
040 _cAnchieta - Itaigara
100 _aPrado, Marisa
240 1 0 _aO tempo que o tempo tem
_lpor
245 1 0 _aO tempo que o tempo tem
300 _a32
362 0 _a1997
440 1 _aSalamandra
650 4 _aLiteratura infanto-juvenil
942 _cBK
999 _c70077
_d70077